<?xml version='1.0' encoding='UTF-8'?>
  <record xmlns="http://www.loc.gov/MARC21/slim">
    <leader>00000cem a2200000 i 4500</leader>
    <controlfield tag="001">ocm71520103</controlfield>
    <controlfield tag="003">OCoLC</controlfield>
    <controlfield tag="005">20250617195812.1</controlfield>
    <controlfield tag="007">aj aauun</controlfield>
    <controlfield tag="008">961114s1844    ne        u     0   dut d</controlfield>
    <datafield tag="040" ind1=" " ind2=" ">
      <subfield code="a">NLGGC</subfield>
      <subfield code="b">dut</subfield>
      <subfield code="e">fobidrtb</subfield>
      <subfield code="c">NLGGC</subfield>
      <subfield code="d">QGJ</subfield>
      <subfield code="d">OCLCO</subfield>
      <subfield code="d">OCLCL</subfield>
      <subfield code="d">OCLCQ</subfield>
    </datafield>
    <datafield tag="029" ind1="0" ind2=" ">
      <subfield code="a">NLGGC</subfield>
      <subfield code="b">153231130</subfield>
    </datafield>
    <datafield tag="034" ind1="1" ind2=" ">
      <subfield code="a">a</subfield>
      <subfield code="b">50000</subfield>
    </datafield>
    <datafield tag="035" ind1=" " ind2=" ">
      <subfield code="a">(OCoLC)71520103</subfield>
    </datafield>
    <datafield tag="045" ind1="0" ind2=" ">
      <subfield code="b">d1844</subfield>
    </datafield>
    <datafield tag="084" ind1=" " ind2=" ">
      <subfield code="a">74.20</subfield>
      <subfield code="2">bcl</subfield>
    </datafield>
    <datafield tag="245" ind1="0" ind2="0">
      <subfield code="a">Kaart van de provincie Groningen met een gedeelte van Drenthe &amp; Vriesland /</subfield>
      <subfield code="c">opgemaakt door J.H. Jappé ... 1835, herz. in 1844 ; gegraveerd door W.C. van Baarsel.</subfield>
    </datafield>
    <datafield tag="255" ind1=" " ind2=" ">
      <subfield code="a">Schaal [1:50.000].</subfield>
    </datafield>
    <datafield tag="260" ind1=" " ind2=" ">
      <subfield code="a">Te Groningen :</subfield>
      <subfield code="b">bij J. Oomkens,</subfield>
      <subfield code="c">1844</subfield>
      <subfield code="e">([S.l.] :</subfield>
      <subfield code="f">gedrukt ter Kunstplaat-drukkerij van de Wed.e A. Koning en J.F. Brugman)</subfield>
    </datafield>
    <datafield tag="300" ind1=" " ind2=" ">
      <subfield code="a">1 kaart in 4 bladen. :</subfield>
      <subfield code="b">kopergrav. ;</subfield>
      <subfield code="c">elk bl. 61 x 82 cm (totale kaart 122 x 164 cm)</subfield>
    </datafield>
    <datafield tag="336" ind1=" " ind2=" ">
      <subfield code="a">cartografische afbeelding</subfield>
      <subfield code="b">cri</subfield>
      <subfield code="2">rdacontent/dut</subfield>
    </datafield>
    <datafield tag="337" ind1=" " ind2=" ">
      <subfield code="a">zonder medium</subfield>
      <subfield code="b">n</subfield>
      <subfield code="2">rdamedia/dut</subfield>
    </datafield>
    <datafield tag="338" ind1=" " ind2=" ">
      <subfield code="a">vel</subfield>
      <subfield code="b">nb</subfield>
      <subfield code="2">rdacarrier/dut</subfield>
    </datafield>
    <datafield tag="510" ind1="0" ind2=" ">
      <subfield code="a">Koeman. Handl. top. krtn. Ned., Rep. no. 82,</subfield>
      <subfield code="c">blz. 101; Fock. Andreae &amp; Van 't Hoff. Kart. Gesch. Ned., blz. 96; Vredenberg-Alink. Krtn. v. Groningerl. VII 10, blz. 136</subfield>
    </datafield>
    <datafield tag="651" ind1=" " ind2="7">
      <subfield code="a">Groningen (provincie)</subfield>
      <subfield code="2">gtt</subfield>
      <subfield code="0">(NL-LeOCL)07852704X</subfield>
    </datafield>
    <datafield tag="700" ind1="1" ind2=" ">
      <subfield code="a">Jappé, J.H.,</subfield>
      <subfield code="c">kartograaf,</subfield>
      <subfield code="d">1780-1855.</subfield>
      <subfield code="1">https://id.oclc.org/worldcat/entity/E39PCjHyhXTFt646kfvqjdRbtX</subfield>
    </datafield>
    <datafield tag="700" ind1="1" ind2=" ">
      <subfield code="a">Baarsel, W.C. van</subfield>
      <subfield code="q">(Willem Cornelis),</subfield>
      <subfield code="d">1791-1854.</subfield>
      <subfield code="1">https://id.oclc.org/worldcat/entity/E39PBJw8XDw9QbjvPmq8Ybc3wC</subfield>
    </datafield>
    <datafield tag="787" ind1="1" ind2="8">
      <subfield code="i">Inzet:</subfield>
      <subfield code="t">Rottumeroog (16 x 14,5 cm)</subfield>
    </datafield>
    <datafield tag="856" ind1="4" ind2="1">
      <subfield code="u">http://objects.library.uu.nl/reader/resolver.php?obj=002304842&amp;type=2</subfield>
      <subfield code="x">Online</subfield>
      <subfield code="z">Full Text</subfield>
    </datafield>
    <datafield tag="936" ind1=" " ind2=" ">
      <subfield code="a">BATCHLOAD</subfield>
    </datafield>
  </record>